000
00224 a2200109 4500
020
_a
9780590291828
041
_a
spa
100
_a
Williams, Vera B
245
_a
Tres dias en una canoa Roja
942
_c
BK
999
_c
19647
_d
19647
999
_d
19647